[Event "Politiken Cup 2011"]
[Site "Helsingor"]
[Date "2011.08.02"]
[Round "5.149"]
[White "Løndalen, Sindre"]
[Black "Svane, Troels"]
[Result "1-0"]
[WhiteElo "1000"]
[BlackElo "1500"]
[PlyCount "95"]
[EventDate "2011.??.??"]
[WhiteTeam "Sevland"]
[BlackTeam "Lubecker Schachverein"]

1. e4 d6 2. d4 Nf6 3. Nc3 g6 4. f4 Bg7 5. Nf3 O-O 6. Bc4 c5 7. Be3 Nbd7 8. Qd2
cxd4 9. Bxd4 Nc5 10. Bxc5 dxc5 11. O-O-O Qxd2+ 12. Rxd2 e6 13. Ng5 h6 14. e5
Ng4 15. Nge4 Ne3 16. Bb3 a6 17. Re1 c4 18. Ba4 Nd5 19. Nxd5 exd5 20. Rxd5 b5
21. Bxb5 axb5 22. Rxb5 Rxa2 23. Kb1 Ra4 24. g3 Ra8 25. Rc5 Be6 26. Nd6 Ra4 27.
Re4 Rd8 28. b3 Rb4 29. Nxc4 Bxc4 30. Rcxc4 Rxc4 31. Rxc4 Rd2 32. b4 Rd7 33. b5
Rb7 34. Rc5 Bf8 35. Rc8 Rxb5+ 36. Kc1 Rd5 37. Re8 Rd7 38. Rc8 Re7 39. c4 Kg7
40. c5 Ra7 41. c6 f6 42. c7 g5 43. e6 Kg6 44. e7 Bxe7 45. Rg8+ Kh5 46. c8=Q
Ba3+ 47. Kb1 Be7 48. Qh3# 1-0

[Event "Politiken Cup 2011"]
[Site "Helsingor"]
[Date "2011.08.02"]
[Round "5.151"]
[White "Haukenes, Elias"]
[Black "Edvardsson, Hannu K"]
[Result "0-1"]
[WhiteElo "1000"]
[BlackElo "1482"]
[PlyCount "64"]
[EventDate "2011.??.??"]
[WhiteTeam "Hamar"]

1. d4 d5 2. Nf3 Nf6 3. g3 e6 4. Bg2 Bd6 5. Bg5 O-O 6. Nbd2 Be7 7. O-O Nc6 8. a3
b6 9. b4 Bb7 10. b5 Na5 11. a4 Nd7 12. c3 Bxg5 13. Nxg5 Qxg5 14. Nf3 Qe7 15.
Re1 Nc4 16. Qc2 h6 17. e3 a6 18. bxa6 Rxa6 19. Qd3 Rfa8 20. Qc2 Bc6 21. Qe2
Rxa4 22. Rxa4 Bxa4 23. Ra1 Bc6 24. Rxa8+ Bxa8 25. Nh4 Bc6 26. Qa2 Qa3 27. Qb1
Qxc3 28. Qa2 Qa3 29. Qb1 Qb2 30. Qd3 Qd2 31. Qb1 Nf6 32. Qa1 Qa5 0-1

[Event "Politiken Cup 2011"]
[Site "Helsingor"]
[Date "2011.08.02"]
[Round "5.148"]
[White "Hojgard, Brandur"]
[Black "Svane, Kristian"]
[Result "1-0"]
[WhiteElo "1480"]
[BlackElo "1000"]
[PlyCount "57"]
[EventDate "2011.??.??"]
[WhiteTeam "TT Tofir"]
[BlackTeam "Lübecker Schackverein"]

1. d4 Nf6 2. c4 g6 3. Nc3 Bg7 4. e4 d6 5. Nf3 O-O 6. Bg5 Nbd7 7. Qd2 e5 8. d5
Nc5 9. Qc2 a5 10. Be2 Qd7 11. O-O Qg4 12. Be3 c6 13. Nxe5 Qh4 14. Nf3 Qh5 15.
Nd4 Bg4 16. a3 a4 17. Na2 Bh6 18. Qd2 Bxe3 19. Qxe3 Nb3 20. Nxb3 axb3 21. Qxb3
Qg5 22. f4 Qh4 23. Qe3 Rfe8 24. Nc3 Bf5 25. Bf3 Re7 26. Qd3 Ra5 27. exf5 g5 28.
fxg5 Qxg5 29. Rae1 1-0

[Event "Politiken Cup 2011"]
[Site "Helsingor"]
[Date "2011.08.02"]
[Round "5.152"]
[White "Haukenes, Jonas"]
[Black "Hviid, Hans Henrik"]
[Result "0-1"]
[WhiteElo "1000"]
[BlackElo "1319"]
[PlyCount "64"]
[EventDate "2011.??.??"]
[WhiteTeam "Hamar"]
[BlackTeam "Hillerød"]

1. Nf3 f5 2. g3 Nf6 3. Bg2 c6 4. O-O g6 5. d4 Bg7 6. Nc3 O-O 7. Bf4 d6 8. e4
fxe4 9. Nh4 d5 10. Bg5 b5 11. Bxf6 Bxf6 12. b3 g5 13. Qh5 gxh4 14. gxh4 Bxd4
15. Qg5+ Kh8 16. Ne2 Rg8 17. Qf4 Bxa1 18. Rxa1 Qf8 19. Qe5+ Qf6 20. Qxf6+ exf6
21. Nf4 f5 22. Nh5 Rg4 23. Nf6 Rxh4 24. Re1 Nd7 25. Ne8 Rh6 26. Nc7 Rb8 27. Ne8
Nf6 28. Nxf6 Rxf6 29. Re3 Be6 30. f3 Rg8 31. fxe4 fxe4 32. Re2 Bh3 0-1

[Event "Politiken Cup 2011"]
[Site "Helsingor"]
[Date "2011.08.02"]
[Round "5.153"]
[White "Hjornevik, Oyvind"]
[Black "Sønderskov, Lissi"]
[Result "0-1"]
[WhiteElo "1000"]
[BlackElo "1099"]
[PlyCount "42"]
[EventDate "2011.??.??"]
[WhiteTeam "Sandness"]
[BlackTeam "Allerød"]

1. e4 e6 2. d4 d5 3. exd5 exd5 4. Nc3 Nf6 5. Nf3 Bd6 6. Bg5 O-O 7. Bxf6 Qxf6 8.
Nxd5 Qe6+ 9. Qe2 Qxd5 10. c4 Qa5+ 11. Qd2 Re8+ 12. Be2 Bb4 13. O-O-O Bxd2+ 14.
Rxd2 Qxa2 15. b4 Qa3+ 16. Kb1 Bf5+ 17. Bd3 Bxd3+ 18. Rxd3 Qxd3+ 19. Kc1 Qxc4+
20. Kd2 Re2+ 21. Kd1 Qc2# 0-1

[Event "Politiken Cup 2011"]
[Site "Helsingor"]
[Date "2011.08.02"]
[Round "5.154"]
[White "Thybo, Jan"]
[Black "Svane, Minna"]
[Result "1-0"]
[WhiteElo "1042"]
[BlackElo "1000"]
[PlyCount "51"]
[EventDate "2011.??.??"]
[WhiteTeam "Morsø"]
[BlackTeam "Lubecker Schachverein"]

1. e4 d6 2. d4 Nf6 3. Nc3 g6 4. Nf3 Bg7 5. Bg5 O-O 6. Bd3 Nbd7 7. Qd2 e5 8. d5
Qe8 9. O-O-O a6 10. Nh4 Qe7 11. f4 Nc5 12. f5 Qd7 13. Rdf1 Nxd3+ 14. cxd3 b5
15. Bh6 Ng4 16. Bxg7 Kxg7 17. fxg6 h5 18. Rf5 Nh6 19. Rxh5 Rh8 20. Rf1 Bb7 21.
Rxh6 Raf8 22. Rxh8 Qe7 23. Nf5+ Kf6 24. Nxe7+ Kxe7 25. Rxf8 Kxf8 26. gxf7 1-0

[Event "Politiken Cup 2011"]
[Site "Helsingor"]
[Date "2011.08.02"]
[Round "5.155"]
[White "Svane, Freja"]
[Black "Andreassen, Jonas"]
[Result "0-1"]
[WhiteElo "1000"]
[BlackElo "1000"]
[PlyCount "84"]
[EventDate "2011.??.??"]
[WhiteTeam "Lübecker Schackverein"]
[BlackTeam "Sevland"]

1. e4 e5 2. Nf3 Nc6 3. Bb5 a6 4. Ba4 b5 5. Bb3 Bc5 6. O-O Nf6 7. d3 O-O 8. Nbd2
d6 9. Re1 Bg4 10. Nf1 Nd4 11. N1d2 g6 12. h3 Bxf3 13. Nxf3 Kg7 14. Nxd4 Bxd4
15. Rf1 h6 16. Rb1 Qd7 17. Qf3 a5 18. a3 a4 19. Ba2 Qc6 20. Qg3 Rh8 21. Qh4
Qxc2 22. Be3 Qxd3 23. Bxd4 Qxd4 24. Rfe1 g5 25. Qg3 Nxe4 26. Qg4 Qxf2+ 27. Kh2
f5 28. Qh5 Nd2 29. Rbc1 Nc4 30. Rg1 c5 31. Kh1 Nxb2 32. Kh2 Nd3 33. Rgf1 Qxa2
34. Qf3 e4 35. Qxf5 Rhf8 36. Qd7+ Kg8 37. Qe6+ Qxe6 38. Rxf8+ Rxf8 39. Kh1 Nf2+
40. Kh2 e3 41. Rf1 e2 42. Re1 Ng4+ 0-1

[Event "Politiken Cup 2011"]
[Site "Helsingor"]
[Date "2011.08.01"]
[Round "4.2"]
[White "Bu, Xiangzhi"]
[Black "Danielsen, Henrik"]
[Result "1-0"]
[WhiteElo "2675"]
[BlackElo "2535"]
[PlyCount "92"]
[EventDate "2011.??.??"]
[WhiteTeam "Shangdon"]
[BlackTeam "BMS"]

1. Nf3 Nf6 2. c4 e6 3. Nc3 d5 4. d4 Be7 5. Bg5 O-O 6. Qc2 b6 7. e3 Bb7 8. Bxf6
Bxf6 9. cxd5 exd5 10. Bd3 g6 11. O-O Nd7 12. Rfd1 Qe7 13. Rac1 c5 14. Bb5 Rfc8
15. Bxd7 Qxd7 16. dxc5 bxc5 17. Nxd5 Bxd5 18. e4 Bxe4 19. Qxe4 Qc6 20. Qxc6
Rxc6 21. b3 Rac8 22. Rc4 Ra6 23. Rd2 Rd8 24. Rxd8+ Bxd8 25. Rc2 Bf6 26. Kf1 Kf8
27. Ke2 Ke7 28. Kd3 Kd6 29. Kc4 Rb6 30. a3 Ra6 31. Ra2 Be7 32. Rd2+ Ke6 33.
Re2+ Kd6 34. Ne5 Rxa3 35. Nxf7+ Kd7 36. Ne5+ Kd6 37. Nd3 Ra1 38. Rd2 Kc7 39.
Kd5 Ra6 40. Kc4 Ra1 41. Re2 Kd6 42. f4 Bf6 43. Rc2 Ra5 44. Rd2 Ra1 45. Nxc5+
Kc6 46. Nd3 Rg1 1-0

[Event "Politiken Cup 2011"]
[Site "Helsingor"]
[Date "2011.08.01"]
[Round "4.3"]
[White "Fridman, Daniel"]
[Black "Cmilyte, Viktorija"]
[Result "1-0"]
[WhiteElo "2659"]
[BlackElo "2528"]
[PlyCount "55"]
[EventDate "2011.??.??"]
[WhiteTeam "Mulheim"]
[BlackTeam "Skanderborg"]

1. Nf3 Nf6 2. c4 c5 3. Nc3 e6 4. e3 a6 5. d4 d5 6. cxd5 exd5 7. Be2 Nc6 8. O-O
cxd4 9. Nxd4 Bd6 10. Nxc6 bxc6 11. b3 h5 12. h3 Qe7 13. Qd3 Rh6 14. e4 Rg6 15.
exd5 cxd5 16. Bb2 d4 17. Bf3 dxc3 18. Bxc3 Qd7 19. Rfe1+ Kf8 20. Bxa8 Kg8 21.
Be5 Bb7 22. Bxb7 Qxb7 23. f3 Qb6+ 24. Kh1 Bb4 25. Re2 h4 26. Qc4 Nd7 27. Bd4
Qb8 28. Bf2 1-0

[Event "Politiken Cup 2011"]
[Site "Helsingor"]
[Date "2011.08.01"]
[Round "4.5"]
[White "Kurnosov, Igor"]
[Black "Johannessen, Leif Erlend"]
[Result "1-0"]
[WhiteElo "2633"]
[BlackElo "2496"]
[PlyCount "97"]
[EventDate "2011.??.??"]
[BlackTeam "OSS"]

1. e4 e5 2. Nf3 Nc6 3. Bb5 a6 4. Ba4 Nf6 5. O-O Be7 6. Re1 b5 7. Bb3 d6 8. c3
O-O 9. h3 Nb8 10. d4 Nbd7 11. Nbd2 Bb7 12. Bc2 Re8 13. Nf1 Bf8 14. Ng3 g6 15.
b3 Bg7 16. d5 Rc8 17. Bg5 c6 18. c4 Qc7 19. Rc1 bxc4 20. bxc4 Nc5 21. Nd2 a5
22. Ne2 Ba6 23. Nc3 Rb8 24. Nb3 Bxc4 25. dxc6 Qxc6 26. Nxa5 Qa6 27. Nxc4 Qxc4
28. Bb1 Qe6 29. a4 Rb2 30. Nb5 Nfxe4 31. Bxe4 Nxe4 32. Rxe4 Qf5 33. Rg4 h5 34.
Rg3 Qxf2+ 35. Kh2 e4 36. Be3 Qxg3+ 37. Kxg3 Be5+ 38. Bf4 h4+ 39. Kxh4 Bxf4 40.
Rc2 Rxc2 41. Qxc2 Be5 42. Kg4 Kg7 43. h4 f5+ 44. Kh3 e3 45. a5 Ra8 46. Qc7+ Kh6
47. Nxd6 Bxd6 48. Qxd6 Rxa5 49. Qb8 1-0

[Event "Politiken Cup 2011"]
[Site "Helsingor"]
[Date "2011.08.01"]
[Round "4.6"]
[White "Brynell, Stellan"]
[Black "Khenkin, Igor"]
[Result "0-1"]
[WhiteElo "2495"]
[BlackElo "2620"]
[PlyCount "80"]
[EventDate "2011.??.??"]
[WhiteTeam "Nordkalotten"]

1. d4 d5 2. c4 e6 3. Nf3 c6 4. Nc3 dxc4 5. e3 b5 6. a4 Bb4 7. Bd2 a5 8. axb5
Bxc3 9. Bxc3 cxb5 10. b3 Bb7 11. bxc4 b4 12. Bb2 Nf6 13. Bd3 Nbd7 14. O-O O-O
15. Re1 Be4 16. Bxe4 Nxe4 17. Qc2 f5 18. c5 Qc7 19. c6 Nb6 20. Ne5 a4 21. f3
Nd6 22. e4 fxe4 23. fxe4 Ra5 24. Rf1 Rc8 25. Qe2 a3 26. Qg4 Qe7 27. Bc1 Rxe5
28. dxe5 Nf7 29. Rxf7 Qxf7 30. Qd1 Nc4 31. Qb3 Qa7+ 32. Kh1 Qd4 33. Ra2 Rf8 34.
h4 Rf1+ 35. Kh2 Qxe5+ 36. g3 Qxe4 37. Rg2 Qe1 38. Kh3 Rh1+ 39. Kg4 Qe4+ 40. Bf4
Ne5+ 0-1

[Event "Politiken Cup 2011"]
[Site "Helsingor"]
[Date "2011.08.01"]
[Round "4.7"]
[White "Savchenko, Boris"]
[Black "Bulski, Krzysztof"]
[Result "1/2-1/2"]
[WhiteElo "2615"]
[BlackElo "2479"]
[PlyCount "72"]
[EventDate "2011.??.??"]
[BlackTeam "HetMaN Szopienice"]

1. Nf3 Nf6 2. d4 g6 3. c4 Bg7 4. Nc3 d5 5. e3 O-O 6. b4 c6 7. a4 Bf5 8. Bb2 Ne4
9. h3 Nd7 10. Nxe4 Bxe4 11. Ng5 Nf6 12. Nxe4 Nxe4 13. Bd3 f5 14. O-O e6 15. Qe2
Qd7 16. b5 Bf6 17. Rfc1 Rfc8 18. a5 cxb5 19. cxd5 Qxd5 20. Bxb5 Nd6 21. Ba4
Rxc1+ 22. Bxc1 b5 23. axb6 axb6 24. Qd1 b5 25. Bb3 Nc4 26. Rb1 f4 27. Qf3 fxe3
28. fxe3 Bg5 29. Bd1 Qxf3 30. Bxf3 Ra2 31. Rxb5 Bxe3+ 32. Bxe3 Nxe3 33. Re5 Nf5
34. Rxe6 Ra1+ 35. Kf2 Nxd4 36. Rb6 Nxf3 1/2-1/2

[Event "Politiken Cup 2011"]
[Site "Helsingor"]
[Date "2011.08.01"]
[Round "4.14"]
[White "Bach, Matthias"]
[Black "Hammer, Jon Ludvig"]
[Result "0-1"]
[WhiteElo "2307"]
[BlackElo "2610"]
[PlyCount "94"]
[EventDate "2011.??.??"]

1. d3 e5 2. Nd2 d5 3. c4 Be6 4. Ngf3 Nc6 5. cxd5 Bxd5 6. a3 a5 7. Qa4 Qd7 8. e3
f6 9. Be2 Nh6 10. Ne4 Be7 11. Bd2 Nd8 12. Qxd7+ Kxd7 13. Nc3 Bb3 14. d4 Nhf7
15. Bd1 Bxd1 16. Rxd1 exd4 17. Nxd4 c6 18. Ne4 Kc7 19. Rc1 Re8 20. Ke2 Bf8 21.
f3 Ne6 22. Nf5 g6 23. Nfg3 f5 24. Nf6 Nf4+ 25. Kd1 Re6 26. exf4 Rxf6 27. Kc2
Rd6 28. Bc3 Rd5 29. Rhe1 b5 30. Re6 b4 31. Rf6 Rd7 32. Be1 c5 33. axb4 cxb4 34.
Kb3+ Kb7 35. Ka4 Bg7 36. Re6 Bxb2 37. Rc5 Nd8 38. Re8 Bd4 39. Rb5+ Kc6 40. Re2
Nb7 41. Rc2+ Nc5+ 42. Rbxc5+ Bxc5 43. Bf2 Rd5 44. Ne4 fxe4 45. fxe4 Rd3 46.
Rxc5+ Kd7 47. e5 Rb8 0-1

[Event "Politiken Cup 2011"]
[Site "Helsingor"]
[Date "2011.08.01"]
[Round "4.15"]
[White "Stojanovski, Sandi"]
[Black "Krasenkow, Michal"]
[Result "0-1"]
[WhiteElo "2254"]
[BlackElo "2607"]
[PlyCount "68"]
[EventDate "2011.??.??"]
[WhiteTeam "K41"]

1. d4 d6 2. Nf3 Nf6 3. c4 c6 4. Nc3 Bf5 5. e3 Nbd7 6. Bd3 Bxd3 7. Qxd3 e5 8. e4
Be7 9. O-O O-O 10. Rb1 a5 11. Qc2 Qc7 12. h3 b5 13. dxe5 dxe5 14. Be3 b4 15.
Na4 c5 16. Nd2 Rfd8 17. Rfd1 Nf8 18. f3 Ne6 19. Nf1 Nd4 20. Qf2 Nh5 21. b3 Nf4
22. Bxd4 exd4 23. Kh1 Ra6 24. Rd2 Rh6 25. Nb2 Rdd6 26. Nd3 Rdg6 27. Nxf4 Qxf4
28. a3 bxa3 29. Ra1 Bd8 30. Rxa3 Bc7 31. Raa2 Rh5 32. Qe1 h6 33. Re2 Be5 34.
Qd2 Rxh3+ 0-1

[Event "Politiken Cup 2011"]
[Site "Helsingor"]
[Date "2011.08.01"]
[Round "4.16"]
[White "Berg, Emanuel"]
[Black "Skovgaard, Peter"]
[Result "1/2-1/2"]
[WhiteElo "2604"]
[BlackElo "2288"]
[PlyCount "105"]
[EventDate "2011.??.??"]
[WhiteTeam "OSS"]
[BlackTeam "BMS"]

1. e4 c5 2. Nf3 e6 3. d4 cxd4 4. Nxd4 a6 5. Bd3 Bc5 6. Nb3 Be7 7. O-O d6 8. Qg4
g6 9. Qe2 Nd7 10. Na3 Qc7 11. Nc4 b6 12. a4 Bb7 13. a5 b5 14. Nb6 Nxb6 15. axb6
Qxb6 16. Na5 Nf6 17. Bh6 Nd7 18. c4 b4 19. e5 Nc5 20. Nxb7 Qxb7 21. Ra5 Nxd3
22. Qxd3 dxe5 23. Rxe5 Bf6 24. Re4 Ke7 25. Qf3 Rhb8 26. Bf4 Bxb2 27. c5 Kf8 28.
c6 Qxc6 29. Bxb8 Rxb8 30. Rxb4 Qd6 31. Rxb8+ Qxb8 32. Rb1 Qe5 33. Qa8+ Kg7 34.
Qxa6 Bd4 35. Qd3 Qf6 36. Qe2 h5 37. Rb3 e5 38. Rf3 Qc6 39. g3 Qc1+ 40. Kg2 Qc6
41. Qd1 f5 42. h4 Kh7 43. Kh2 e4 44. Rb3 Bxf2 45. Qd8 Bd4 46. Qe7+ Bg7 47. Rb7
Qc3 48. Qd6 Qc2+ 49. Kh3 Qc1 50. Rxg7+ Kxg7 51. Qe7+ Kg8 52. Qe8+ Kg7 53. Qe7+
1/2-1/2

[Event "Politiken Cup 2011"]
[Site "Helsingor"]
[Date "2011.08.01"]
[Round "4.17"]
[White "Jorgensen, Dennis"]
[Black "Tikkanen, Hans"]
[Result "0-1"]
[WhiteElo "2231"]
[BlackElo "2596"]
[PlyCount "66"]
[EventDate "2011.??.??"]
[WhiteTeam "Allerød"]

1. d4 e6 2. c4 b6 3. Nf3 Bb7 4. g3 Bb4+ 5. Bd2 Bxf3 6. exf3 Bxd2+ 7. Qxd2 d5 8.
cxd5 exd5 9. Bh3 Ne7 10. Nc3 O-O 11. O-O Nbc6 12. Rac1 a6 13. Ne2 Qd6 14. Rc3
Na7 15. Rfc1 c6 16. R3c2 a5 17. Nf4 Qh6 18. Kg2 Rfd8 19. Re1 Ng6 20. Nxg6 Qxg6
21. Re7 Nb5 22. Rc1 Qf6 23. Qe3 Nxd4 24. Re1 g6 25. Qc3 c5 26. f4 Kf8 27. Rb7
Re8 28. Re3 Qc6 29. Rd7 Kg8 30. Qe1 Ne6 31. f5 d4+ 32. Kg1 dxe3 33. fxe6 fxe6
0-1

[Event "Politiken Cup 2011"]
[Site "Helsingor"]
[Date "2011.08.01"]
[Round "4.9"]
[White "Hansen, Sune Berg"]
[Black "Blomqvist, Erik"]
[Result "1/2-1/2"]
[WhiteElo "2574"]
[BlackElo "2438"]
[PlyCount "54"]
[EventDate "2011.??.??"]
[WhiteTeam "Helsingør"]
[BlackTeam "SK Rockaden"]

1. Nf3 Nf6 2. c4 c5 3. g3 b6 4. Bg2 Bb7 5. Nc3 e6 6. O-O Be7 7. d4 cxd4 8. Qxd4
d6 9. Bg5 a6 10. Bxf6 Bxf6 11. Qf4 Bxf3 12. Qxf3 Ra7 13. Rfd1 O-O 14. Rd2 Rd7
15. Ne4 Be7 16. Rad1 b5 17. cxb5 axb5 18. Nc3 b4 19. Na4 Qa5 20. b3 Rc7 21. Qd3
Rfc8 22. e3 Nd7 23. Bf1 g6 24. Qb5 Qxb5 25. Bxb5 Nf6 26. Ba6 Rb8 27. Bd3 d5
1/2-1/2

[Event "Politiken Cup 2011"]
[Site "Helsingor"]
[Date "2011.08.01"]
[Round "4.11"]
[White "Hector, Jonny"]
[Black "Sturt, Raven M"]
[Result "1-0"]
[WhiteElo "2568"]
[BlackElo "2231"]
[PlyCount "51"]
[EventDate "2011.??.??"]
[WhiteTeam "Nordkalotten"]
[BlackTeam "Marshall"]

1. e4 c6 2. Nc3 d5 3. Nf3 Bg4 4. h3 Bxf3 5. Qxf3 e6 6. Be2 Nf6 7. O-O Bd6 8. d4
dxe4 9. Nxe4 Nxe4 10. Qxe4 Nd7 11. b4 Nf6 12. Qf3 a6 13. Rb1 Qd7 14. a4 Rc8 15.
c4 b5 16. Bg5 Be7 17. d5 exd5 18. axb5 axb5 19. cxb5 cxb5 20. Bd3 Rb8 21. Bxf6
Bxf6 22. Rfe1+ Kf8 23. Rbc1 Rb6 24. Bf5 Re6 25. Bxe6 fxe6 26. Qf4 1-0

[Event "Politiken Cup 2011"]
[Site "Helsingor"]
[Date "2011.08.01"]
[Round "4.12"]
[White "Teplyi, Igor"]
[Black "Radulski, Julian"]
[Result "0-1"]
[WhiteElo "2393"]
[BlackElo "2556"]
[PlyCount "160"]
[EventDate "2011.??.??"]
[WhiteTeam "Skanderborg"]

1. d4 d5 2. c4 e6 3. Nf3 Be7 4. g3 f5 5. Bg2 Nf6 6. O-O O-O 7. Qc2 Nc6 8. Bg5
Kh8 9. e3 Nb4 10. Qe2 a5 11. Rc1 Bd7 12. Nc3 Be8 13. Bxf6 Bxf6 14. Ne5 Bxe5 15.
dxe5 c6 16. a3 Na6 17. cxd5 exd5 18. Na4 Qe7 19. f4 b5 20. Nc3 Nc5 21. Qc2 Ne6
22. Ne2 g5 23. Nd4 Nxd4 24. exd4 gxf4 25. gxf4 Rg8 26. Qf2 Ra7 27. Kh1 Qe6 28.
Bf3 Qh6 29. Rg1 Rag7 30. Be2 c5 31. Rxg7 Rxg7 32. Rg1 Rxg1+ 33. Kxg1 c4 34. Qe3
Bf7 35. Bd1 b4 36. Bc2 Be6 37. Qg3 Qh5 38. axb4 axb4 39. Kf2 b3 40. Bb1 h6 41.
Ke1 Kh7 42. h3 Qf7 43. Qh4 Qf8 44. Ke2 Kg7 45. Ke3 Bd7 46. Kf2 Be8 47. Qg3+ Bg6
48. h4 Kh7 49. Qh3 Kh8 50. h5 Bh7 51. Qh4 Kg7 52. Ke3 Kg8 53. Kf2 Kg7 54. Ke3
Qf7 55. Kf2 Qe6 56. Ke3 Kf7 57. Qd8 Bg8 58. Qc7+ Kf8 59. Qd8+ Kg7 60. Qh4 Bh7
61. Kf2 Kf7 62. Qd8 Bg8 63. Qh4 Ke8 64. Qg3 Kf8 65. Qh4 Bf7 66. Qh3 Qb6 67. Ke3
Qa5 68. Qxf5 Qe1+ 69. Kf3 Qh1+ 70. Ke3 Qxh5 71. Qc8+ Kg7 72. Qd7 Qh4 73. f5
Qe1+ 74. Kf4 Qc1+ 75. Kf3 Qxb1 76. f6+ Kg8 77. Qd8+ Kh7 78. Qf8 Qd3+ 79. Kg2
Qg6+ 80. Kf2 c3 0-1

[Event "Politiken Cup 2011"]
[Site "Helsingor"]
[Date "2011.08.01"]
[Round "4.18"]
[White "Rapport, Richard"]
[Black "Christensen, Bo Garner"]
[Result "1-0"]
[WhiteElo "2545"]
[BlackElo "2289"]
[PlyCount "85"]
[EventDate "2011.??.??"]
[BlackTeam "K41"]

1. d4 Nf6 2. c4 c5 3. d5 b5 4. Nf3 Bb7 5. Qc2 d6 6. e4 b4 7. Bd3 Nbd7 8. O-O $2
g6 9. h3 Bg7 10. Bf4 O-O $2 11. Nbd2 a5 12. Rad1 a4 13. Rfe1 Qb8 14. Bh2 Ne5
15. Nxe5 dxe5 16. a3 b3 17. Qc3 Ne8 18. h4 f6 19. Bf1 Bh6 20. Kh1 Bc8 21. g3
Bd7 22. Bg2 Qc8 23. f4 Bg4 24. Rc1 Qc7 25. Rf1 Ng7 26. Rce1 Nh5 27. Qe3 Rac8
28. Bf3 f5 29. exf5 Bxf3+ 30. Nxf3 exf4 31. Qe6+ Kh8 32. g4 Ng3+ 33. Bxg3 fxg3
34. g5 Bg7 35. d6 Qxd6 36. Qxd6 exd6 37. f6 Bxf6 38. gxf6 Rxf6 39. Kg2 Rf4 40.
Kxg3 Rxc4 41. Ng5 Kg8 42. Re7 Rf8 43. Nf7 1-0

[Event "Politiken Cup 2011"]
[Site "Helsingor"]
[Date "2011.08.01"]
[Round "4.19"]
[White "Hansen, Mads"]
[Black "Zatonskih, Anna"]
[Result "0-1"]
[WhiteElo "2224"]
[BlackElo "2522"]
[PlyCount "86"]
[EventDate "2011.??.??"]
[WhiteTeam "Frem"]

1. e4 e6 2. d4 d5 3. Nc3 Bb4 4. e5 b6 5. a3 Bf8 6. h4 h6 7. Nf3 Qd7 8. Be3 Ne7
9. g4 Bb7 10. Ne2 h5 11. gxh5 Nf5 12. Ng3 Nh6 13. c3 Nc6 14. b4 O-O-O 15. Bd3
f6 16. Bxh6 Rxh6 17. Qe2 fxe5 18. dxe5 Be7 19. O-O-O Rf8 20. Bb5 Kb8 21. Nd4
Nxd4 22. Rxd4 c6 23. Bd3 c5 24. Rg4 Rc8 25. Kb2 Bf8 26. Rc1 a5 27. Bb5 Qe7 28.
bxa5 c4 29. Ra1 bxa5 30. Kc2 Qc7 31. Rg6 Qf7 32. Rxh6 gxh6 33. a4 Bc5 34. Rf1
Rg8 35. Kb2 Kc7 36. Qe1 Qf4 37. Qc1 Qxc1+ 38. Kxc1 Bxf2 39. Ne2 Rg2 40. Kd1 Rh2
41. Kd2 Bxh4 42. Be8 Bf2 43. Rb1 Bg3 0-1

[Event "Politiken Cup 2011"]
[Site "Helsingor"]
[Date "2011.08.01"]
[Round "4.20"]
[White "Schandorff, Lars"]
[Black "Gagliardi, Christian"]
[Result "1-0"]
[WhiteElo "2497"]
[BlackElo "2258"]
[PlyCount "77"]
[EventDate "2011.??.??"]
[WhiteTeam "Sydøstfyn"]
[BlackTeam "Mariano Comense"]

1. d4 Nf6 2. c4 e6 3. Nc3 Bb4 4. e3 O-O 5. Nge2 d5 6. a3 Be7 7. cxd5 exd5 8.
Ng3 Re8 9. Bd3 Nc6 10. O-O Bf8 11. b4 a6 12. Bb2 g6 13. Rc1 Bg7 14. Re1 h5 15.
Qc2 Ne7 16. Na4 c6 17. Nc5 Rb8 18. f3 h4 19. Nf1 Nh5 20. Qf2 Nf5 21. Rcd1 Nd6
22. a4 Rf8 23. e4 Nf4 24. Bc1 Nxd3 25. Rxd3 b6 26. Nb3 dxe4 27. fxe4 f5 28. e5
Ne4 29. Qc2 Qe8 30. Nbd2 Nxd2 31. Nxd2 Be6 32. Nf3 h3 33. Ng5 hxg2 34. Qxg2 f4
35. Rf1 Bc4 36. Rdf3 Bd5 37. Qh3 Rf5 38. Qh7+ Kf8 39. Rxf4 1-0

[Event "Politiken Cup 2011"]
[Site "Helsingor"]
[Date "2011.08.01"]
[Round "4.25"]
[White "Antonsen, Mikkel"]
[Black "Schultz-Pedersen, Jesper"]
[Result "1-0"]
[WhiteElo "2471"]
[BlackElo "2177"]
[PlyCount "89"]
[EventDate "2011.??.??"]
[WhiteTeam "Næstvedj"]
[BlackTeam "Allerød"]

1. d4 d5 2. c4 e5 3. dxe5 d4 4. Nf3 Nc6 5. g3 Bc5 6. Bg2 Nge7 7. Nbd2 a5 8. O-O
Ra6 9. b3 O-O 10. Bb2 Ba7 11. Ne4 Bf5 12. Nh4 Nxe5 13. Nxf5 Nxf5 14. c5 Re8 15.
Bh3 Nh6 16. e3 Nc6 17. Qd3 Nb4 18. Qb5 Rxe4 19. Qxb7 Re7 20. a3 c6 21. Qc8 Qxc8
22. Bxc8 Rc7 23. Bxa6 Nxa6 24. exd4 Rb7 25. Bc3 Nf5 26. Bxa5 Nxd4 27. b4 h6 28.
Rad1 Rd7 29. Kg2 Bb8 30. Rfe1 f5 31. Rd3 Bc7 32. Re8+ Kf7 33. Ra8 Bxa5 34. Rxa6
Bd8 35. Rxc6 Bf6 36. Ra6 f4 37. gxf4 Ke7 38. a4 Nc2 39. Rxd7+ Kxd7 40. b5 Bd4
41. c6+ Kc7 42. Ra8 Na3 43. Rf8 Nc4 44. Rf7+ Kc8 45. Kf3 1-0

[Event "Politiken Cup 2011"]
[Site "Helsingor"]
[Date "2011.08.01"]
[Round "4.22"]
[White "Skou, Niels"]
[Black "Jepson, Christian"]
[Result "1-0"]
[WhiteElo "2093"]
[BlackElo "2405"]
[PlyCount "131"]
[EventDate "2011.??.??"]
[WhiteTeam "Evans"]

1. d4 c5 2. d5 Nf6 3. c4 b5 4. cxb5 a6 5. bxa6 g6 6. g3 Bg7 7. Bg2 d6 8. Nf3
O-O 9. O-O Bf5 10. Nfd2 Nxa6 11. h3 Nb4 12. e4 Bc8 13. a3 Nd7 14. Nc4 Ba6 15.
Nbd2 Nd3 16. Qc2 N3e5 17. Rb1 Qc7 18. Re1 Rfb8 19. b3 Nxc4 20. Nxc4 Nb6 21. Bf1
Bxc4 22. Bxc4 Nxc4 23. Qxc4 Qa5 24. Re2 Rb7 25. Kf1 Rab8 26. Rc2 h6 27. Ke2 Qb5
28. b4 Qa4 29. Ra2 Ra8 30. Bd2 Qd7 31. g4 cxb4 32. Rxb4 Rc7 33. Qb5 Qc8 34. Qd3
Bc3 35. Rb3 Bxd2 36. Kxd2 Rc1 37. Rc2 Rxc2+ 38. Qxc2 Qd8 39. Qc6 Rc8 40. Qb6
Qd7 41. Qb7 Qd8 42. Rb6 Kg7 43. Rc6 Ra8 44. Qb4 Qa5 45. Qxa5 Rxa5 46. Rc3 Kf6
47. Rf3+ Ke5 48. Rxf7 Kxe4 49. Rxe7+ Kxd5 50. Rg7 Rxa3 51. h4 Rh3 52. Rxg6 Rxh4
53. Ke3 Kc6 54. f3 Kd7 55. Ke4 Rh3 56. f4 h5 57. g5 Rh1 58. Rh6 h4 59. Kf5 h3
60. g6 h2 61. g7 Rg1 62. Kf6 h1=Q 63. Rxh1 Rxh1 64. g8=Q Rh4 65. Qc4 Rh7 66.
Qa4+ 1-0

[Event "Politiken Cup 2011"]
[Site "Helsingor"]
[Date "2011.08.01"]
[Round "4.26"]
[White "Brondum, Eric"]
[Black "Lindberg, Bengt"]
[Result "1/2-1/2"]
[WhiteElo "2112"]
[BlackElo "2391"]
[PlyCount "99"]
[EventDate "2011.??.??"]
[WhiteTeam "K41"]
[BlackTeam "Solna SS"]

1. Nf3 Nf6 2. g3 b6 3. Bg2 Bb7 4. b3 e6 5. Bb2 Be7 6. O-O O-O 7. d3 d6 8. Nbd2
c5 9. e4 Nbd7 10. Qe2 Qc7 11. e5 dxe5 12. Nxe5 Bxg2 13. Kxg2 Rad8 14. a4 Nxe5
15. Bxe5 Qc8 16. Rae1 Nd7 17. Ba1 Bf6 18. Nc4 Bxa1 19. Rxa1 Nf6 20. Ne5 Nd5 21.
Rfe1 f6 22. Nc4 Rfe8 23. Qf3 Nb4 24. Rac1 Na2 25. Ra1 Nc3 26. Kg1 Qd7 27. Nd2
Qf7 28. Ne4 Nd5 29. Nd2 Rd7 30. h4 Ne7 31. a5 b5 32. Qe3 Nf5 33. Qxc5 Rc7 34.
Qxb5 Rxc2 35. Nf3 Rec8 36. Ra4 Qg6 37. Qd7 h5 38. Qxe6+ Kh7 39. Rc4 Rxf2 40.
Ng5+ fxg5 41. Qxg6+ Kxg6 42. Kxf2 Rf8 43. Kg2 gxh4 44. gxh4 Rd8 45. Re5 Kf6 46.
d4 Nxh4+ 47. Kh3 Nf5 48. Rc6+ Kg5 49. Rc7 Rxd4 50. Rxg7+ 1/2-1/2

[Event "Politiken Cup 2011"]
[Site "Helsingor"]
[Date "2011.08.01"]
[Round "4.27"]
[White "Carstensen, Jacob"]
[Black "Bratholm, Palle"]
[Result "1-0"]
[WhiteElo "2391"]
[BlackElo "2111"]
[PlyCount "79"]
[EventDate "2011.??.??"]
[WhiteTeam "Brønshøj"]
[BlackTeam "Sjælsø"]

1. d4 Nf6 2. c4 e6 3. Nf3 d5 4. Nc3 Be7 5. Bg5 O-O 6. e3 h6 7. Bh4 b6 8. Rc1
Bb7 9. cxd5 Nxd5 10. Bg3 c5 11. Bd3 cxd4 12. exd4 Nxc3 13. bxc3 Nd7 14. O-O Nf6
15. Qe2 Rc8 16. Rfe1 Nh5 17. Bb1 Nxg3 18. hxg3 Ba3 19. Qd3 g6 20. Rxe6 Rc6 21.
Rxc6 Bxc6 22. Rd1 Qf6 23. Ne5 Rd8 24. Bc2 Kg7 25. Bb3 Be8 26. Re1 b5 27. Re3
Qb6 28. Qe2 Qb8 29. Rf3 f5 30. g4 Bd6 31. gxf5 Bxe5 32. dxe5 gxf5 33. Rxf5 Bg6
34. Rf6 Qc8 35. Be6 Qxc3 36. Rxg6+ Kxg6 37. Qg4+ Kh7 38. Qf5+ Kh8 39. Qf6+ Kh7
40. Bf5+ 1-0